000 00726nam a22001575i 4500
001 171231
003 ES-MaACL
005 20230906214554.0
008 090506s1863 sp |||| | spa d
100 1 _aDiana, Manuel Juan.
_944103
245 1 3 _aEl último que lo sabe
_b: comedia original en tres actos /
_cpor Manuel Juan Diana.
260 _aMadrid :
_b[s.n.],
_c1863 (
_fImp. de José Rodríguez)
300 _a74 p. ;
_c18 cm.
500 _aEn port.: Representada por primera vez en el teatro del Príncipe el día 10 de diciembre de 1863.
852 _aES-MaACL
_jF-8591(4)
_z. - Enc. pasta española
_q.- Falto de la cub. original
_z.- Enc. en un vol. facticio formando parte de la col. "Teatro español moderno", vol. 44
999 _c171231
_d171231